[Event "Madrid Vicalvaro op"]
[White "Quiros Benito, Sergio"]
[Black "Garcia Hernandez, Armando"]
[Site "Madrid"]
[Round "6"]
[Result "1-0"]
[Date "2022.06.12"]
[WhiteElo "1595"]
[BlackElo "1392"]
[PlyCount "99"]
[EventDate "2022.05.08"]
[EventType "swiss"]
[EventRounds "7"]
[EventCountry "ESP"]
[SourceTitle "EXT 2024"]
[Source "ChessBase"]
[SourceDate "2023.10.10"]
[SourceVersion "1"]
[SourceVersionDate "2023.10.10"]
[SourceQuality "1"]

1. g3 d5 2. c4 Nf6 3. Bg2 c6 4. d4 g6 5. Nf3 Bg7 6. Nbd2 0-0 7. 0-0 Re8 8. Qb3 Qc7 9. Ne5 Ng4 10. cxd5 Nxe5 11. dxe5 Bxe5 12. Nc4 cxd5 13. Nxe5 Qxe5 14. Bxd5 e6 15. Bxb7 Bxb7 16. Qxb7 Qd5 17. Qxd5 exd5 18. e3 Nc6 19. Rd1 Rad8 20. Bd2 d4 21. Rac1 dxe3 22. Bxe3 Rxd1+ 23. Rxd1 a6 24. Rd6 Rc8 25. Kf1 h5 26. Bd2 Kf8 27. Bc3 Ke7 28. Rd3 Kf8 29. Rd7 Ke8 30. Rb7 Kf8 31. Rb6 a5 32. Ra6 Ke8 33. Bxa5 Nxa5 34. Rxa5 Rc7 35. b4 Kd8 36. a4 Kc8 37. Rc5 Rxc5 38. bxc5 Kc7 39. a5 Kc6 40. a6 Kxc5 41. a7 Kd6 42. a8Q Ke6 43. f4 Kf6 44. Qc6+ Kg7 45. f5 g5 46. h4 g4 47. Ke2 Kf8 48. f6 Kg8 49. Qe8+ Kh7 50. Qxf7+ 1-0